| 000 | 01178 a2200253 4500 | ||
|---|---|---|---|
| 001 | 23180 | ||
| 005 | 20260407155520.0 | ||
| 008 | 260407a1986 arg spa d | ||
| 003 | AR-UNSa-BCEJYS | ||
| 040 |
_aAR-UNSa-BCEJYS _bspa _cAR-UNSa-BCEJYS |
||
| 080 |
_a330 _xEconomía en general |
||
| 245 | 1 | 0 | _aEconomia |
| 020 | _a84-7615-122-5 | ||
| 250 | _a12a. ed. | ||
| 264 | 1 |
_aMéxico : _bMcGraw-Hill _c1986 |
|
| 300 |
_axxxix, 1156 p. _c23 cm. |
||
| 505 | _aParte I: Conceptos basicos - Parte II: Macroeconomia: Fluctuaciones de la producción y los precios - Parte III: Macroeconomia: dinero, tipos de interes y deficit - Parte IV: Microeconomia: Ofertas, demanda y mercados de productos - Parte V: Salarios, alquileres y beneficios: la distribución de la renta - Parte VI: La equidad, La eficiencia y el estado - Parte VII: Crecimiento económico y comercio internacional. | ||
| 942 | _cBK | ||
| 590 | _aniveau_biblio:m niveau_hierar:0 | ||
| 100 | 1 | _aSamuelson, Paul A. | |
| 700 | 1 | _aNordhaus, William D. | |
| 700 | 1 | _aToharia Cortés, Luis | |
| 856 | 4 | 1 |
_uhttps://biblioeco.unsa.edu.ar/pmb/images/libros/Economia (samuelson-nordhaus).jpg _yImagen de portada _qimage/jpeg |
| 999 |
_c1093 _d1093 |
||